000 00528nam a2200193Ia 4500
003 OSt
005 20250218092536.0
008 210210b1997 xxu||||| |||| 00| 0 eng d
040 _cal
041 _aKannada
082 _aK894.7 GANH
100 _aGANAPATI DIVANA.
_dಗಣಪತಿ ದಿವಾನ
_9197943
245 _aHolige Jolige
_bಹೋಳಿಗೇ ಜೋಳಿಗೇ
260 _aKumbale
_bDivana Prakashana
_c1997
300 _avi,124
690 _aKannada Humour
_9197944
906 _a052667
942 _2ddc
_cBK
999 _c101142
_d101142